01009nam a22002417a 4500999001700000003000900017008004100026040007100067082002300138100002200161245002400183260003500207300002800242505022200270650003000492650002300522650002400545650002100569700003800590942001600628945002000644952010300664 c12102d12102AR-CdUCM190405b ||||| |||| 00| 0 spa d aMUNICIPALIDAD PROVINCIAL DEL CUSCOcBIBLIOTECA MUNICIPAL DEL CUSCO a124 /bC485 / 1948 aCharrón, Pierre aDe la sabiduría / aBuenos Aires :bLosada,c1948. a626 páginas ;c20 cm. acontenido: Consideración del hombre en si y en general -- Consideración del hombre comparado con todos los demás animales -- Consideración del hombre en detalle de todas las partes que lo componen y forman ... aVida y sabiduría929213 aMoral socia929787 aAntropología9878 aFilosofía9395 aFabernig, Elsa (traductor)929788 2ddccLIBROS acmmd2019-04-05 002ddc4070aSCAbSCAcCARTd2019-04-05g30.00o124 / C485 / 1948pSCA0001708r2019-04-05yLIBROS